| 000 | 00800nam a2200265Ia 4500 | ||
|---|---|---|---|
| 003 | OSt | ||
| 005 | 20220926004905.0 | ||
| 006 | a|||||r|||| 00| 0 | ||
| 007 | ta | ||
| 008 | 220923b |||||||| |||| 00| 0 eng d | ||
| 020 |
_a9781473919136 _c3524.32 |
||
| 037 |
_b12950, 02/03/2017, Elite Publisher Distributors _cGeneral Book |
||
| 040 |
_aRTL _cRTL _beng |
||
| 041 |
_2eng _aeng |
||
| 082 | _aX:1:(S:44), Q6 | ||
| 100 |
_aSETHNA Zubin _9309400 |
||
| 245 | 0 | _aConsumer behaviour | |
| 250 | _a3rd | ||
| 260 |
_a New Delhi _bSage _c2016 |
||
| 300 |
_axxi,499p _ccm. |
||
| 650 | _aEconomics | ||
| 700 |
_a BLYTHE Jim _9280806 |
||
| 942 |
_hX:1:(S:44), Q6 _cGB _2CC |
||
| 999 |
_c612466 _d612466 |
||